| 000 | 00877nam a2200217Ia 4500 | ||
|---|---|---|---|
| 999 |
_c37923 _d37923 |
||
| 001 | 3901 | ||
| 003 | GE_BSU | ||
| 005 | 20190530182322.0 | ||
| 008 | 181216s1990|||| |||||||||||||| ||geo|| | ||
| 040 | _cGE_BSU | ||
| 041 | _ageo | ||
| 080 | _a69 შ–48 | ||
| 100 |
_aშენგელია, ვანო. _91864 |
||
| 245 |
_aსამშენებლო წარმოების საკითხები / _cვანო შენგელია ; რედ : ა.ზ.ტატიშვილი. |
||
| 264 |
_aთბილისი : _bუნ–ის გამომ–ბა, _c1990. |
||
| 300 |
_a389 გვ .: _c22 სმ. |
||
| 504 | _aბიბლიოგრ.: გვ. 440-444 | ||
| 653 | _aსამშენებლო წარმოება | ||
| 700 |
_aტატიშვილი, ა _eრედაქტორი _9711 |
||
| 942 |
_cBK _2udc |
||